000 00239nam a22001097a 4500
082 _a823
_bBLY/H
100 _aBLYTON, ENID
245 _aHAPPY HOURS STORY BOOK
260 _aGREAT BRITAIN
_bDEAN & SON LTD
_c1964
300 _a185
942 _cBK
999 _c7253
_d7253